Statistics for Top 20 Highest Career WAR in MLB History (Position Players)

Click here to take the quiz!

General Stats

  • This quiz has been taken 1,327 times
  • The average score is 12 of 20

Answer Stats

Total WARAnswer% Correct
163.0 (22 seasons)Babe Ruth
97%
162.4 (22)Barry Bonds
91%
156.2 (22)Willie Mays
89%
109.7 (18)Mickey Mantle
86%
142.6 (23)Hank Aaron
83%
123.1 (19)Ted Williams
82%
151.0 (24)Ty Cobb
81%
112.4 (17)Lou Gehrig
78%
116.0 (20)Alex Rodriguez
74%
128.1 (22)Stan Musial
71%
131.0 (21)Honus Wagner
61%
107.2 (21)Frank Robinson
60%
106.5 (18)Mike Schmidt
51%
127.0 (23)Roger Hornsby
47%
110.8 (25)Rickey Henderson
46%
133.7 (22)Tris Speaker
42%
100.3 (22)Joe Morgan
33%
107.4 (21)Nap Lajoie
30%
107.8 (22)Mel Ott
29%
123.9 (25)Eddie Collins
19%

Score Distribution

Percentile by Number Answered

Percent of People with Each Score

Your Score History

You have not taken this quiz